000 00376nam a2200157Ia 4500
008 230917s9999||||xx |||||||||||||| ||und||
040 _e106274
_aMAIN
041 _aEnglish
082 _a510.2462 J199A
100 _aJain, R K
245 0 _aAdvanced engineering mathematics
250 _a2nd ed.
260 _aNew Delhi
_bNarosa
_c2005
300 _a1136 p.
942 _cBK
999 _c123506
_d123506